[Event "Gibraltar Masters 16th"]
[Site "Caleta"]
[Date "2018.01.26"]
[Round "4"]
[White "Henderson de la Fuente, Lance"]
[Black "Huschenbeth, Niclas"]
[Result "1-0"]
[WhiteElo "2429"]
[BlackElo "2587"]
[Annotator "Quintiliano,R"]
[PlyCount "67"]
[EventDate "2018.01.23"]
[EventType "swiss"]
[EventRounds "10"]
[EventCountry "GGB"]
[SourceTitle "CBM 183"]
[Source "ChessBase"]
[SourceDate "2018.03.14"]
[SourceVersion "1"]
[SourceVersionDate "2018.03.14"]
[SourceQuality "1"]

1. e4 c5 2. Nf3 d6 3. d4 cxd4 4. Qxd4 {Huschenbeth is an attacking player with
an aggressive style, so White wisely avoids the main lines of the Sicilian.}
Nf6 {This different move order gives some interesting options for Black.} 5.
Bg5 ({Against} 5. e5 {Black has the same idea} Nc6 6. Bb5 Qa5+ 7. Nc3 Qxb5 $1
8. Nxb5 Nxd4 9. Nfxd4 dxe5 {now White wins the exchange, but not without some
problems to solve} 10. Nc7+ (10. Nf3 {is harmless and actually bad for White}
Nd5 $1 11. Nxe5 a6 12. Nd4 f6 $17 {[%csl Yc8,Yf8][%cal Ge7e5]}) 10... Kd7 11.
Nxa8 (11. Ndb5 $2 Rb8 {[%cal Ra7a6]} 12. Be3 $8 b6 13. O-O-O+ Kc6 {despite
some White pieces surrounding Black's king, it is safe, for example} 14. Rd3
Kb7 {[%cal Ga7a6]} 15. Ra3 a5 $17 {[%cal Yc8d7,Ge7e6]}) 11... exd4 {[%csl Ga8]
So White has won the exchange, but in return his knight is on a8 and at risk
of being trapped at any moment. It is not a big surprise that Black scores
very well in this position, as the engine claims a slight advantage for Black
already, which means that despite the skilfull resources that it is able to
find, White's position is still difficult. If the silicon monster is not able
to handle this position, can you imagine how difficult it is for a human in a
practical game...} 12. Bf4 e5 $5 {the shortest way to win the knight} ({
A recent game followed} 12... Nd5 13. O-O-O Kc6 14. Rxd4 e6 15. Rc4+ $2 (15. c4
Nxf4 16. Rd8 $1 Bd7 17. Rd1 {[%csl Yd7]}) 15... Bc5 16. b4 $2 {the same
mistake occurred in 5 games} (16. Bg3 $142 b5 17. Rxc5+ Kxc5 18. Nc7 Nf6 19.
Rd1 {White still has some problems, but Black also has no way to win the
knight, for example} Ne4 20. Bf4 Nxf2 21. Nxe6+ $1 {[%cal Yf4e3]}) 16... Nxb4
17. Nc7 b5 $1 (17... Nxa2+ $2 {helps White to finish the development} 18. Kb2
Nb4 19. Ra1 {Now White has all the pieces actively placed on the queenside,
and after} Nd5 {the strong} 20. Na6 $1 bxa6 21. Ra5 {[%csl Rc5];Plat,V (2447)
-Bernasek,J (2551) Pardubice Czech op-A 24th 2013 (7) 1-0 gave great advantage
in}) 18. Re4 $8 (18. Rxc5+ Kxc5 19. a3 Nd5 20. Nxd5 Kxd5 21. Rd1+ $15) 18...
Nxa2+ 19. Kb2 Nb4 {now it is clear that this is a better version for Black, as
he has won the pawn, the knight remains misplaced on c7 and White's pieces are
not well organised} 20. Ra1 Rd8 21. Kb3 Nd5 22. Nxd5 exd5 23. Re2 d4 {[%cal
Yc8e6,Ye6c4]} 24. Kb2 d3 {[%cal Gc5d4]} 25. Rd2 Bd4+ 26. c3 Bb6 $17 {Plat,V 
(2569)-Vachier Lagrave,M (2793) PRO League Group Stage 2018 (4) 0-1}) ({
Probably} 12... Kc6 $1 {is the more precise move order} 13. O-O-O e6 14. Rxd4
Bc5 15. Rc4 b5 {and White is already in trouble} 16. Rxc5+ (16. Rc3 Nd5 17. Rf3
f6 $19 {[%cal Ye6e5,Yc8e6];Dulenko,M (2140)-Alikulov,E (2401) RUS-chT2 Sochi
2015 (1.10) 0-1})) 13. Bxe5 Bd6 14. Bxd4 (14. f4 {seems to be the best try} Kc6
$146 15. O-O-O Be6 16. Bxd6 Kxd6 17. Rxd4+ Kc5 18. Rhd1 Rxa8 $15 {and Black
has just a small advantage}) (14. Bxd6 $2 {a wrong move order, now} Re8+ $1 {
avoids 0-0-0} 15. Be7 Rxe7+ 16. Kf1 b6 $1 17. Rd1 Ba6+ 18. Kg1 d3 $1 $19 {
Vaugeois,S (2094)-Roeder,M (2429) FRA-chT2 North 0809 2008 (10.1) 0-1}) 14...
Re8+ $1 {again this move is necessary to disturb White's development} 15. Be3 (
15. Kd2 {Dostan,J (2188)-Doric,N (2283) Vojvodina-ch 4th 2013 (4) 0-1} Kc6 16.
Bxa7 Bf5 $17) (15. Kd1 Kc6 {[%cal Yc8g4]} 16. Bxa7 Bg4+ 17. f3 Rxa8 $15) 15...
Ng4 16. O-O-O Nxe3 17. fxe3 Kc6 18. Rd3 Bf5 19. Rc3+ Kd7 $17 {[%csl Ra8];
Haznedaroglu,K (2370)-Iashvili,A (2380) TUR-GEO Chess Summit 2002 (9) 0-1})
5... Nc6 6. Bb5 ({Maybe White can avoid the complications by playing} 6. Qe3 {
Andreikin,D (2713)-Khismatullin,D (2658) Wch Rapid Khanty-Mansiysk 2013 (12)
1-0}) 6... Qa5+ {The natural continuation, once Black started with 4...Nf6.} (
6... Bd7 7. Bxc6 Bxc6 {merely transposes to the normal lines.}) 7. Nc3 Qxb5 $1
8. Nxb5 Nxd4 9. Nfxd4 Kd8 {The safest option, that promises a decent position
for Black.} ({Black can follow ideas similar to those showed in the 5.e5
variation and play the double-edged} 9... Nxe4 10. Nc7+ Kd8 11. Nxa8 Nxg5 {
and compared to the previous analysis, it is more difficult for Black to
imprison the knight, but White still should count with this threat, and Black
has a flexible pawn structure, which can be useful to gain space in centre,
supported by the bishop pair. It makes sense to try to solve the knight's
problem as soon as possible with} 12. Nb5 $1 a6 13. Nc3 {[%csl Yb6][%cal Ga8b6]
now the Na8 has a route to home by using the b6-square} (13. Na7 $2 {[%csl Ra7,
Ra8] it is simply shocking} Bd7 14. b4 {Nakamura,H (2793)-Oparin,G (2604)
Zuerich Chess Challenge Blitz 6th 2017 (4) 1/2} g6 $1 {[%cal Yf8g7]} 15. b5 Bg7
16. bxa6 $1 Bd4 $1 17. axb7 Bxa7 18. Rb1 Bb8 $15 {[%cal Yg5e4,Ye4c5,Yd7c6]}) (
13. Nd4 $5 {Cornette,D (2404)-Sebag,M (2495) ch-EUR Women Rapid 2017 (6.5) 1/2}
Ne6 14. Nxe6+ Bxe6 15. Nb6 Kc7 16. Na4 g5 $44 {[%cal Yf8g7]}) 13... b5 {
despite the engine's evaluation that White has almost a clear advantage, the
practical problems of this position shouldn't be underestimated: there is aa
lack of open files for the rooks, and in many games Black's central pawns,
supported by the bishop pair, proved to be really annoying, specially in the
endgames} 14. Nb6 (14. h4 $5) 14... Bb7 15. f3 (15. O-O e6 $1 {[%csl Yb6]
keeping the knight under control} 16. h4 Ne4 17. Nxe4 Bxe4 18. a4 Kc7 {[%cal
Ya4a5]} 19. axb5 $2 Kxb6 20. Rxa6+ Kc7 $1 21. b6+ Kb8 $17 {Socko,M (2470)
-Sebag,M (2480) Tromsoe ol (Women) 41st 2014 (7.1) 0-1}) 15... Ne6 (15... e6 $2
16. h4 {[%csl Rg5]} Nxf3+ 17. gxf3 Kc7 18. Nbd5+ $1 exd5 19. O-O-O $14) 16. a4
$1 {This way White manages to open the e-file for the rook, and solves the
Nb6's problem too} bxa4 (16... b4 17. Ncd5 a5 18. O-O-O Ba6 19. Ne3 $16 {
[%cal Yb6c4];Ni,H (2646)-Zhao,J (2580) CHN-ch Xinghua Jiangsu 2011 (6) 1-0})
17. Rxa4 Nc5 18. Rb4 Kc7 19. Nca4 $6 (19. Nbd5+ $142 Kb8 20. Rf4 f5 $1) 19...
Nxa4 20. Nxa4 e6 {Now Black started to advance the pawns and put the bishop
pair to work} 21. Rc4+ Bc6 22. b3 d5 23. Rd4 e5 24. Rd1 f5 {and after} 25. O-O
Bd6 26. Kh1 g5 $44 {Van Kampen,R (2581)-Grandelius,N (2572) Tata Steel-B 75th
2013 (4) 0-1 it is clear that Black's central mass of pawns gives nice
compensation for the exchange -}) 10. Nc3 (10. f3 {is more often played, now
if Black plays with h6-g5 like in the game, the bishop has the f2-square.})
10... h6 11. Bh4 $146 ({There are two games with} 11. Bxf6 gxf6 12. O-O-O {
this is a usual structure that arises in some Sicilian variations, but in
general Black aims for the endgame in such variations, so I think that this is
not really promising for White.}) (11. Be3 $5 Ng4 12. Bd2 g6 13. f3 {could be
an option.}) 11... g5 $1 12. Bg3 Nh5 {Black takes the bishop pair, anyway.} 13.
O-O-O Bg7 14. Rhe1 {Logical and good play by Henderson: White hopes to take
advantage of his better development and open the centre to create some
problems for Black's king.} Nxg3 {This capture could be delayed in order to
make some prophylaxis against White's plan.} (14... Bd7 $1 {and since f4 is
not possible now, it is not easy for White to create pressure in the centre,
for example} 15. f3 Nxg3 16. hxg3 {[%cal Yf3f4]} Be5 $1 17. Nde2 Rc8 18. f4 Bg7
19. Nd4 Ke8 $1 $15 {and Black is much better prepared for White's actions than
in the game.}) 15. hxg3 Bd7 16. f4 $36 {Black should be careful now, as White
is about to break in the centre.} Rc8 ({An interesting alternative was} 16...
gxf4 17. gxf4 h5 $1 {[%cal Yg7h6] Black is able to generate counterplay on the
kingside, for example} 18. Kb1 (18. e5 Bh6 19. g3 h4 $1 $132) 18... e6 19. Rd3
(19. Ndb5 Bxc3 20. Nxc3 Ke7 $15 {[%cal Yd7c6]}) 19... Ke7 20. Red1 Rad8 21.
Ndb5 Bxc3 22. Nxc3 Bc6 {and Black has no problems.}) (16... e6 $5 {also looks
playable} 17. Ncb5 Bxd4 18. Nxd4 Ke7 19. f5 e5 20. Ne2 Bc6 21. Nc3 h5 $132) 17.
e5 dxe5 $6 {Now Black's position is a bit annoying.} (17... Rc4 $1 {[%csl Yd4]
[%cal Yg7d4,Yc4d4] was an adequate response, it is not easy for White to
increase the tension in the centre} 18. Rd3 (18. Nf3 $2 gxf4 19. exd6 e6 $1 {
is actually easier for Black}) (18. Kb1 gxf4 19. gxf4 dxe5 20. Nf5 Rg8 21. fxe5
Ke8 $11) 18... Rg8 $1 {[%cal Yg8g2] A good and multi-purpose move: the rook is
protecting the bishop against Nf5 ideas and ready to enter the game by using
the g-file} 19. Ne4 gxf4 20. gxf4 dxe5 21. Nf5 e6 $1 {and Black is not worse,
for example} 22. Nfd6 (22. Nxg7 Rxg7 23. Nf6 Rd4 $1) 22... Rd4 23. Nxf7+ Ke7
24. Nxe5 Bxe5 25. fxe5 Rxd3 26. cxd3 Rxg2 27. Rh1 Rg6 28. Kd2 Bc6 $11) 18. Nf5
$1 Bf8 (18... Rg8 {was also pleasant for White} 19. Nxg7 Rxg7 20. Rxe5 {
[%cal Ye5d5]} e6 21. f5 $1 Kc7 22. g4 {and White keeps some initiative.}) 19.
fxe5 $2 {But this wrong recapture allows Black to solve his problems.} ({
A stronger move was} 19. Rxe5 {[%cal Ye5d5] with the clear threat of Red5, now
if} e6 {White had the surprising and strong response} 20. Nb5 $1 {and White is
about to get a great advantage} Rh7 $8 (20... exf5 $2 21. Red5) (20... Rc6 21.
Nfd6 Bxd6 22. Nxd6 Ke7 23. Nxb7 Rhc8 24. Rd2 {although Black has managed to
bring together his forces, White is a pawn up}) 21. Nfd6 f6 $1 {Black must
find difficult and only moves in order to stay with a just unpleasant position}
(21... Bxd6 22. Nxd6 Rc7 23. Nb5 Rc6 {and White can just take twice on g5 or
continue with} 24. Re3 {[%cal Ye3d3] and keep the pressure}) 22. Re2 Bxd6 23.
Nxd6 Rc7 24. Nb5 Rc5 25. Nd4 Ke7 26. Nxe6 $1 Bxe6 27. Rde1 {[%csl Ye6] and
White wins material.}) 19... e6 $6 ({Even better was} 19... Ke8 $1 20. Nd4 (20.
g4 h5 $1 21. Rh1 Rc5 22. Rde1 h4 $15) 20... Bg7 21. Nd5 Be6 $1 {and Black is
fine.}) 20. Ne3 $6 {Henderson missed another chance to fight for an advantage.}
(20. Re3 $1 {[%cal Ge3d3] would use the same motifs seen in the notes on
White's previous move} Kc7 (20... exf5 $2 21. Red3 Rc7 22. Nb5 $18) (20... Ke8
21. Ne4 $1 {[%csl Gd6,Gf6]}) 21. Nd6 $1 {this time this is good, as after} Bxd6
22. exd6+ Kb8 (22... Kd8 23. Ne4 Bc6 24. Nf6 $1 Bxg2 25. Rd2 Bc6 26. g4 $16 {
Black is terribly cramped despite being a pawn up}) 23. Ne4 {White obtains
unpleasant pressure against Black's kingside, for example} Bc6 24. Nf6 h5 $1 (
24... Bxg2 $2 25. Rd2 Bc6 26. g4 $16 {[%cal Ye3h3,Yd2h2]}) 25. Re5 Rh6 $1 26.
Rf1 Rg6 27. Rf2 Rh8 {and thoug for now Black is holding everything, his
situation is still unpleasant} 28. Rc5 Rhh6 $2 29. Nd7+ $1 Bxd7 30. Rxf7 $18 {
[%cal Rf7f8]}) (20. Nd6 {doesn't gets anything for White} Bxd6 21. Rxd6 (21.
exd6 Bc6 {[%csl Yg2]}) 21... Ke7 22. Ne4 Bc6 $11) 20... Bg7 {Now the position
is even.} 21. Rf1 Ke7 $4 {It's really difficult to understand why Huschenbeth
blundered like this. Maybe he got careless after regaining the control of the
position, but even in that case, it is a huge blunder for such a strong player.
} (21... Rf8 {was safe and good} 22. Ne4 (22. Ng4 Rc4 23. Nf6 Bxf6 24. Rxf6 Ke7
25. Rxh6 Bc6 $132) 22... Ke7 23. Nf6 Bc6 {and despite White's pieces having
good squares on d6 and f6, everything is protected, Black is ok.}) 22. Rxd7+ $1
Kxd7 23. Rxf7+ Kc6 24. Rxg7 $18 {Simply there's no resistance to offer now.}
Rcg8 25. Re7 Re8 26. Rxe8 Rxe8 27. Ne4 Rd8 28. g4 Rd4 29. Nf2 b5 30. c3 Rf4 31.
Nd3 Re4 32. Kd2 h5 33. gxh5 Rh4 34. g4 {An unexpected ending for an
interesting game.} 1-0

[Event "FIDE World Cup"]
[Site "Baku"]
[Date "2015.10.03"]
[Round "7.3"]
[White "Svidler, Peter"]
[Black "Karjakin, Sergey"]
[Result "0-1"]
[WhiteElo "2727"]
[BlackElo "2762"]
[Annotator "RR"]
[PlyCount "60"]
[EventDate "2015.09.11"]
[EventType "k.o."]
[EventRounds "7"]
[EventCountry "AZE"]
[SourceTitle "CBM 169"]
[Source "ChessBase"]
[SourceDate "2015.11.10"]
[SourceVersion "1"]
[SourceVersionDate "2015.11.10"]
[SourceQuality "1"]

1. e4 c5 2. Nf3 d6 3. d4 cxd4 4. Qxd4 a6 5. c4 Nc6 6. Qe3 Nf6 7. h3 g6 8. Nc3
Bg7 9. Be2 Nd7 10. Rb1 Nde5 11. O-O O-O 12. Rd1 Nxf3+ 13. Bxf3 f5 14. exf5 Bxf5
15. Be4 {Weiß hat nichts gegen Abtausch.} Qd7 16. Nd5 Qe6 17. Bxf5 Qxf5 18. Bd2
Rae8 19. Bc3 e6 20. Nb6 {Schwarz hat es geschafft, den Springer ins Abseits zu
stellen.} d5 21. Bxg7 Kxg7 22. Qc5 $1 {Rein objektiv sollte nun der d-Bauer
ziehen - entweder nach d4 oder tauschen auf c4. Aber Weiß könnte jeweils in
ein ausgeglichenes Endspiel abwickeln.} Rf6 $5 23. b4 Ne5 24. cxd5 Nd3 25. Qe3
Nxf2 $2 ({Korrekt wäre} 25... Nf4 26. Kh2 $1 Nxg2 $1 27. Kxg2 exd5 $1 28. Qxe8
Qxf2+ 29. Kh1 {aber dann müsste Schwarz Dauerschach geben.}) ({Auch das
Endspiel nach} 25... Qxf2+ 26. Qxf2 Nxf2 27. Re1 {bietet kaum die dringend
benötigten Chancen auf Gewinn.}) 26. Rf1 $1 Qe4 $5 27. Rbe1 ({Nach} 27. Qxe4 $2
Nxe4 28. Rxf6 Kxf6 29. dxe6 Kxe6 {könnte sich Schwarz Hoffnungen machen.})
27... exd5 $5 {Schwarz muss zocken, denn} (27... Ref8 28. Qxe4 Nxe4 29. Rxf6
Nxf6 30. dxe6 {bietet keine Chance.}) 28. Rxf2 $2 ({Nach} 28. Qc3 $1 {kann
Schwarz aufgeben.}) 28... Qh4 $1 ({Hatte Svidler auf} 28... Qxe3 29. Rxe3 Rxe3
30. Rxf6 Kxf6 31. Nxd5+ {gehofft?}) 29. Qd2 $2 {Verliert vollends die Nerven.}
({Nach} 29. Qxe8 Qxf2+ 30. Kh2 Qxb6 31. Re7+ Kh6 32. Qd7 Qd6+ 33. Kg1 {kann
Schwarz noch kämpfen, aber die Remiswahrscheinlichkeit ist sehr hoch.}) 29...
Rxf2 $1 30. Qc3+ d4 0-1

[Event "Wichern op 5th"]
[Site "Hamburg"]
[Date "1999.10.21"]
[Round "8.2"]
[White "Rozentalis, Eduardas"]
[Black "Yakovich, Yuri"]
[Result "1/2-1/2"]
[WhiteElo "2586"]
[BlackElo "2592"]
[Annotator "Rozentalis,E"]
[PlyCount "89"]
[EventDate "1999.10.15"]
[EventType "swiss"]
[EventRounds "9"]
[EventCountry "GER"]
[SourceTitle "EXT 2001"]
[Source "ChessBase"]
[SourceDate "2000.11.22"]
[SourceVersion "1"]
[SourceVersionDate "2000.11.22"]
[SourceQuality "1"]

1. e4 c5 2. Nf3 d6 3. d4 Nf6 4. Bb5+ Bd7 5. Bxd7+ Qxd7 6. e5 dxe5 7. dxe5 Qxd1+
8. Kxd1 Nd5 $146 (8... Ng4 9. Ke2 Nc6 10. Bf4 g5 $11 {was played in many games.
}) 9. a3 $6 {Too slow.} (9. c3 Nc6 10. Kc2 $11) 9... Nc6 10. c4 Nb6 11. b3 g6
$2 (11... a5 $1 12. a4 g6 $15 {could cause some problems for white, because of
two weaknesses e5 and b4.}) 12. Bb2 Bg7 13. Nbd2 a5 $6 {Now it is too late,
and white is ready to meet this.} (13... O-O-O $142) 14. Bc3 $1 g5 {Black is
looking for counterplay, as now a5 and c5 are weak pawns, while} (14... a4 {
can be met by} 15. b4) 15. h3 h5 16. Kc2 g4 17. hxg4 hxg4 18. Rxh8+ Bxh8 19.
Rh1 Bg7 {[#]} 20. e6 $3 Nd4+ {Other possibilities also would lead to difficult
position.} (20... gxf3 21. Bxg7 fxe6 22. Nxf3 $16) (20... Bxc3 21. Kxc3 fxe6
22. Ng5 $16) 21. Bxd4 cxd4 22. Ng5 f5 23. Rh5 Rc8 24. Kd3 $4 {Natural move,
which lets black to escape.} (24. Nf7 $1 Rc6 25. Rg5 Kf8 26. Rxf5 $16) ({but} 
24. Nh7 $3 Rc6 25. Rg5 $18 {was winning at once}) 24... Rc6 $14 25. f3 (25. b4
axb4 26. axb4 Na4 $132) (25. a4 Na8) 25... gxf3 26. Ndxf3 a4 $1 27. Nxd4 Bxd4 (
27... Rd6 $2 28. Ngf3 axb3 29. c5 b2 30. Rh1 $18) 28. Kxd4 Kf8 29. Nf3 (29. c5
$2 axb3 30. cxb6 b2 31. Rh1 Rc1 $19) 29... axb3 30. Rxf5+ Kg7 31. Rb5 Nxc4 32.
Rxb3 Nd6 33. Ne5 Ra6 {Finally white is a pawn up, but weak white pawns and
good black pieces ensure a draw.} 34. Rg3+ Kf6 35. Nd7+ Kf5 (35... Kxe6 $2 36.
Nc5+) 36. Re3 Kg5 37. Nc5 Ra5 38. Rb3 Nb5+ 39. Kd5 Nd6 40. a4 Kf6 41. Rb4 b5
42. Rf4+ Kg5 43. Rf7 bxa4 44. Rxe7 Nf5 45. Rb7 1/2-1/2

[Event "Dresden Post 7th"]
[Site "Dresden"]
[Date "1987.11.08"]
[Round "2"]
[White "Schoeneberg, Manfred"]
[Black "Dobrovolsky, Ladislav"]
[Result "1-0"]
[WhiteElo "2325"]
[BlackElo "2425"]
[Annotator "Schoeneberg,M"]
[PlyCount "57"]
[EventDate "1987.11.07"]
[EventType "tourn"]
[EventRounds "9"]
[EventCountry "DDR"]
[EventCategory "5"]
[SourceTitle "EXT 2006"]
[Source "ChessBase"]
[SourceDate "2005.11.24"]
[SourceVersion "1"]
[SourceVersionDate "2005.11.24"]
[SourceQuality "1"]

{SCHACH 2/1988} 1. e4 c5 2. Nf3 d6 3. d4 cxd4 4. Qxd4 {Nur als Überraschung
gut!} Nc6 5. Bb5 Bd7 6. Bxc6 Bxc6 7. Nc3 Nf6 8. Bg5 e6 9. O-O-O Be7 10. Rhe1
O-O 11. Qd2 Qc7 12. Nd4 {Beide spielten die Eröffnung zügig.} Rfc8 ({Schwarz
kann jetzt den älteren} 12... Rfd8 {oder den Partiezug wählen.}) 13. Kb1 Rab8 (
{Schärfer ist das sofortige} 13... b5 {In der Stammpartie Kallai,G-Perenyi,B/
Kecskemet 1981 [siehe Inf 32/253], folgte} 14. Ncxb5 Bxb5 15. Nxb5 Qc5 {
und IM Perenyi gibt klaren Vorteil für Schwarz an. Das ist sicherlich zu
optimistisch, wie die Partie Schoeneberg,M-Chekhov,V/Leipzig 1986 beweist:} 16.
Nxd6 $1 Bxd6 17. Bxf6 gxf6 18. Qxd6 Qxc2+ 19. Ka1 Qxf2 20. Rf1 $1 {und die
Stellung ist ausgeglichen. Im übrigen braucht Weiss das Bauernopfer nicht
anzunehmen und kann mit 14.f3 in gebräuchliche Varianten einlenken.}) 14. f3 b5
15. Nce2 b4 16. g4 a5 {Der übliche Wettlauf auf beiden Flügeln.} 17. Ng3 Be8 {
Hier scheiden sich wieder die Geister: soll der Läufer auf c6 verbleiben und
somit abgetauscht werden können oder soll er "gerettet" werden, aber dafür die
unglückliche Stellung auf e8 einnehmen. Zaitshik,G-Loginov,Va/Borzhomi 1984
-38/239} (17... a4 18. Nh5 Ne8 $1 {und es ist nicht zu sehen, wie Weiss den
Angriff verstärken kann. Weiss versuchte es mit der Brechstange:} 19. Bxe7 Qxe7
20. e5 $2 (20. Rc1 {/\ c3}) 20... b3 $1 $17 21. c3 (21. cxb3 axb3 22. a3 dxe5
23. Rxe5 Bd5 $1 24. Rc1 Rxc1+ 25. Qxc1 Qb7 $1 {/\ Rc8}) 21... dxe5 22. Rxe5 Qc7
23. Ree1 bxa2+ 24. Ka1 Bd5 $1 {und Schwarz gewann.}) 18. Nh5 Nxh5 19. Bxe7 Qxe7
20. gxh5 a4 ({Auf} 20... Qh4 {folgt} 21. Rg1 Qxh5 22. Rg5 Qh6 23. Rdg1 g6 24.
f4 {und Weiss hat gefährlichen Angriff.}) 21. Rg1 Qf6 {Es drohte Rxg7+} 22. f4
Rc4 $2 {Das verliert,} ({notwendig war} 22... a3 $1 {und Schwarz bekommt noch
Gegenspiel.}) 23. Qe3 $1 {Die Drohung e5 entscheidet jetzt erstaunlich schnell
und beweist auch die ungünstige Lage des Be8.} a3 24. e5 $1 dxe5 25. fxe5 Qh4
26. Rxg7+ $1 Kxg7 27. Rg1+ Kf8 28. Qh6+ Ke7 29. Nf5+ $1 {Ein eleganter
Schlusszug. Die weisse Dame schleicht sich von d2 über h6 nach d6.} 1-0